Problémy slovenskej ekonomiky

Podľa odporúčaní MMF by Slovensko malo znížiť deficit všeobecnej vlády na 3 percentá HDP. Nízka úroveň devízových rezerv. Slabé riadenie štátnych podnikov. Pretrvávajúci vysoký externý deficit bežného účtu.

Na minha lista:
Detalhes bibliográficos
Autor principal: Onuferová, Marianna
Formato: Capítulo de Livro
Idioma:eslovaco
Assuntos:
Tags: Adicionar Tag
Sem tags, seja o primeiro a adicionar uma tag!

MARC

LEADER 00000naa a2200000 4500
001 r035801
005 20230919123441.3
041 0 |a slo 
044 |a SK 
245 1 0 |a Problémy slovenskej ekonomiky  |c Marianna Onuferová 
520 |a Podľa odporúčaní MMF by Slovensko malo znížiť deficit všeobecnej vlády na 3 percentá HDP. Nízka úroveň devízových rezerv. Slabé riadenie štátnych podnikov. Pretrvávajúci vysoký externý deficit bežného účtu. 
610 2 0 |a situácia hospodárska 
610 2 0 |a deficit rozpočtový 
610 2 0 |a politika rozpočtová 
610 2 0 |a bankovníctvo 
610 2 0 |a politika menová 
610 2 0 |a rezervy devízové 
610 2 0 |a podnikanie 
610 2 0 |a účet záverečný štátny 
610 2 0 |a reštrukturalizácia 
610 2 0 |a Slovensko 
100 1 |a Onuferová, Marianna